Footballers Who Have Achieved 50 Goal Contributions in a Single Season - Statistics

General Stats
  • This quiz has been taken 59 times
  • The average score is 51 of 72
Answer Stats
Season Goals Assists Goals+Assists Answer % Correct
17/18 44 8 54 Cristiano Ronaldo
98%
16/17 42 12 54 Cristiano Ronaldo
98%
15/16 51 15 66 Cristiano Ronaldo
98%
14/15 61 23 84 Cristiano Ronaldo
98%
13/14 51 17 68 Cristiano Ronaldo
98%
12/13 55 13 68 Cristiano Ronaldo
98%
11/12 60 15 75 Cristiano Ronaldo
98%
10/11 53 18 71 Cristiano Ronaldo
98%
07/08 42 8 50 Cristiano Ronaldo
98%
20/21 38 14 52 Lionel Messi
98%
19/20 31 27 58 Lionel Messi
98%
18/19 51 22 73 Lionel Messi
98%
17/18 45 20 65 Lionel Messi
98%
16/17 59 20 79 Lionel Messi
98%
15/16 41 24 65 Lionel Messi
98%
14/15 58 31 89 Lionel Messi
98%
13/14 41 14 55 Lionel Messi
98%
12/13 60 17 77 Lionel Messi
98%
11/12 73 32 105 Lionel Messi
98%
10/11 53 27 80 Lionel Messi
98%
09/10 47 12 59 Lionel Messi
98%
08/09 38 19 57 Lionel Messi
98%
96/97 47 13 60 Ronaldo
98%
21/22 50 7 57 Robert Lewandowski
96%
20/21 48 9 57 Robert Lewandowski
96%
19/21 55 10 65 Robert Lewandowski
96%
18/19 40 13 53 Robert Lewandowski
96%
16/17 43 9 52 Robert Lewandowski
96%
23/24 44 12 56 Harry Kane
91%
20/21 33 17 50 Harry Kane
91%
22/23 52 9 61 Erling Haaland
87%
20/21 41 12 53 Erling Haaland
87%
19/20 44 10 54 Erling Haaland
87%
23/24 45 11 56 Kylian Mbappe
87%
22/23 41 10 51 Kylian Mbappe
87%
21/22 39 22 61 Kylian Mbappe
87%
20/21 42 11 53 Kylian Mbappe
87%
18/19 39 14 53 Kylian Mbappe
87%
17/18 31 20 51 Luis Suarez
81%
16/17 36 20 56 Luis Suarez
81%
15/16 59 25 84 Luis Suarez
81%
24/25 33 23 56 Mohamed Salah
81%
17/18 44 14 58 Mohamed Salah
81%
21/22 44 15 59 Karim Benzema
74%
15/16 31 25 56 Neymar
68%
03/04 39 15 54 Thierry Henry
66%
02/03 32 24 56 Thierry Henry
66%
76/77 53 0 53 Dieter Muller
64%
76/77 47 3 50 Gerd Muller
64%
15/16 50 20 70 Zlatan Ibrahimovic
64%
13/14 41 17 58 Zlatan Ibrahimovic
64%
12/13 35 17 52 Zlatan Ibrahimovic
64%
24/25 30 23 53 Raphinha
53%
02/03 44 8 52 Ruud van Nistelrooy
45%
17/18 40 11 51 Edinson Cavani
43%
16/17 44 6 50 Edinson Cavani
43%
09/10 37 13 50 Didier Drogba
40%
94/95 37 15 52 Alan Shearer
32%
10/11 37 15 52 Samuel Eto'o
32%
89/90 42 12 54 Hugo Sanchez
30%
86/87 43 8 51 Hugo Sanchez
30%
17/18 41 9 50 Ciro Immobile
28%
93/94 41 14 55 Andy Cole
26%
07/08 39 11 50 Luca Toni
26%
16/17 39 14 53 Edin Dzeko
15%
83/84 47 14 61 Ian Rush
15%
04/05 34 17 51 Roy Makaay
15%
11/12 48 14 62 Klaas-Jan Huntelaar
9%
86/87 49 3 52 Clive Allen
6%
15/16 23 34 57 Henrikh Mkhitaryan
6%
12/13 20 30 50 Juan Mata
6%
21/22 35 16 51 Christopher Nkunku
4%
No matching quizzes found
Score Distribution
Percent of People with Each Score
Percentile by Number Answered
Your Score History
You have not taken this quiz